[Event "ODJM A 2023"]
[Site "Willingen GER"]
[Date "2023.05.30"]
[Round "4"]
[White "Schwartz, Oliver"]
[Black "Melde, Benjamin"]
[Result "1-0"]
[Termination "normal"]
[Board "7"]
[WhiteElo "1919"]
[BlackElo "2135"]
[WhiteClock "00:12:16"]
[BlackClock "00:04:22"]
[PlyCount "79"]
[WhiteFideId "16207459"]
[BlackFideId "12958816"]
[EventCountry "GER"]
[EventRounds "9"]
[EventType "swiss"]
[EventDate "2023.05.27"]

1. d4 {[%clk 01:30:58]} {[%emt 00:00:01]} Nf6 {[%clk 01:30:33]} {[%emt
00:00:27]} 2. c4 {[%clk 01:31:17]} {[%emt 00:00:10]} g6 {[%clk 01:30:59]}
{[%emt 00:00:05]} 3. Nc3 {[%clk 01:31:29]} {[%emt 00:00:19]} Bg7 {[%clk
01:31:25]} {[%emt 00:00:04]} 4. e4 {[%clk 01:31:35]} {[%emt 00:00:24]} d6
{[%clk 01:31:49]} {[%emt 00:00:06]} 5. Nf3 {[%clk 01:31:54]} {[%emt 00:00:10]}
O-O {[%clk 01:32:14]} {[%emt 00:00:05]} 6. Be2 {[%clk 01:32:09]} {[%emt
00:00:15]} e5 {[%clk 01:32:40]} {[%emt 00:00:05]} 7. O-O {[%clk 01:32:25]}
{[%emt 00:00:13]} Nc6 {[%clk 01:33:06]} {[%emt 00:00:04]} 8. d5 {[%clk
01:32:35]} {[%emt 00:00:19]} Ne7 {[%clk 01:33:34]} {[%emt 00:00:02]} 9. b4
{[%clk 01:32:46]} {[%emt 00:00:20]} a5 {[%clk 01:31:36]} {[%emt 00:02:28]} 10.
bxa5 {[%clk 01:32:35]} {[%emt 00:00:41]} Nd7 {[%clk 01:27:44]} {[%emt
00:04:22]} 11. Nd2 {[%clk 01:31:30]} {[%emt 00:01:35]} Rxa5 {[%clk 01:25:18]}
{[%emt 00:02:56]} 12. a4 {[%clk 01:30:39]} {[%emt 00:01:21]} f5 {[%clk
01:19:54]} {[%emt 00:05:53]} 13. Nb3 {[%clk 01:27:33]} {[%emt 00:03:37]} Ra8
{[%clk 01:20:20]} {[%emt 00:00:05]} 14. f3 {[%clk 01:27:23]} {[%emt 00:00:39]}
b6 {[%clk 01:07:24]} {[%emt 00:13:27]} 15. a5 {[%clk 01:22:35]} {[%emt
00:05:17]} Nc5 {[%clk 00:49:40]} {[%emt 00:18:15]} 16. axb6 {[%clk 01:15:21]}
{[%emt 00:07:44]} Rxa1 {[%clk 00:50:04]} {[%emt 00:00:05]} 17. bxc7 {[%clk
01:12:57]} {[%emt 00:02:54]} Qxc7 {[%clk 00:50:33]} {[%emt 00:00:02]} 18. Nxa1
{[%clk 01:12:59]} {[%emt 00:00:26]} fxe4 {[%clk 00:37:11]} {[%emt 00:13:52]}
19. fxe4 {[%clk 01:11:08]} {[%emt 00:02:20]} Rxf1+ {[%clk 00:37:33]} {[%emt
00:00:07]} 20. Kxf1 {[%clk 01:07:38]} {[%emt 00:04:00]} Qa5 {[%clk 00:35:02]}
{[%emt 00:03:03]} 21. Bd2 {[%clk 01:06:26]} {[%emt 00:01:41]} Bh6 {[%clk
00:35:22]} {[%emt 00:00:09]} 22. Be1 {[%clk 01:04:18]} {[%emt 00:02:39]} Qa3
{[%clk 00:34:44]} {[%emt 00:01:08]} 23. Nb5 {[%clk 00:33:57]} {[%emt 00:30:51]}
Qe3 {[%clk 00:27:18]} {[%emt 00:07:56]} 24. Bf3 {[%clk 00:33:43]} {[%emt
00:00:43]} Nxe4 {[%clk 00:23:26]} {[%emt 00:04:24]} 25. Bxe4 {[%clk 00:33:45]}
{[%emt 00:00:27]} Qxe4 {[%clk 00:23:54]} {[%emt 00:00:01]} 26. Nxd6 {[%clk
00:33:53]} {[%emt 00:00:24]} Qf4+ {[%clk 00:24:20]} {[%emt 00:00:03]} 27. Qf3
{[%clk 00:34:01]} {[%emt 00:00:22]} Qxf3+ {[%clk 00:24:40]} {[%emt 00:00:09]}
28. gxf3 {[%clk 00:34:24]} {[%emt 00:00:07]} Ba6 {[%clk 00:25:07]} {[%emt
00:00:03]} 29. Kf2 {[%clk 00:28:22]} {[%emt 00:06:30]} Nf5 {[%clk 00:10:21]}
{[%emt 00:15:17]} 30. Nxf5 {[%clk 00:28:34]} {[%emt 00:00:20]} gxf5 {[%clk
00:10:50]} 31. c5 {[%clk 00:28:56]} {[%emt 00:00:09]} Kf7 {[%clk 00:11:12]}
{[%emt 00:00:08]} 32. Nc2 {[%clk 00:27:13]} {[%emt 00:02:13]} Bc4 {[%clk
00:10:06]} {[%emt 00:01:36]} 33. Nb4 {[%clk 00:26:15]} {[%emt 00:01:26]} Bf8
{[%clk 00:10:31]} {[%emt 00:00:05]} 34. d6 {[%clk 00:23:12]} {[%emt 00:03:34]}
Bh6 {[%clk 00:09:58]} {[%emt 00:01:03]} 35. Bc3 {[%clk 00:22:07]} {[%emt
00:01:34]} Ke6 {[%clk 00:09:53]} {[%emt 00:00:35]} 36. Nc6 {[%clk 00:20:54]}
{[%emt 00:01:43]} Bb5 {[%clk 00:04:02]} {[%emt 00:06:23]} 37. Nxe5 {[%clk
00:18:15]} {[%emt 00:03:06]} Bf4 {[%clk 00:04:08]} {[%emt 00:00:25]} 38. d7
{[%clk 00:17:15]} {[%emt 00:01:30]} Ke7 {[%clk 00:03:58]} {[%emt 00:00:41]} 39.
c6 {[%clk 00:15:42]} {[%emt 00:02:05]} Bxe5 {[%clk 00:04:22]} {[%emt 00:00:04]}
40. Ba5 {[%clk 00:12:16]} {[%emt 00:03:56]} 1-0

[Event "ODJM A 2023"]
[Site "Willingen GER"]
[Date "2023.05.30"]
[Round "4"]
[White "Kliashtornyi, Arkadii"]
[Black "Stork, Christopher"]
[Result "1/2-1/2"]
[Termination "normal"]
[Board "8"]
[WhiteElo "1853"]
[BlackElo "2035"]
[WhiteClock "00:16:26"]
[BlackClock "00:42:55"]
[PlyCount "44"]
[WhiteFideId "34119698"]
[BlackFideId "16215400"]
[EventCountry "GER"]
[EventRounds "9"]
[EventType "swiss"]
[EventDate "2023.05.27"]

1. d4 {[%clk 01:30:58]} {[%emt 00:00:04]} Nf6 {[%clk 01:30:46]} {[%emt
00:00:12]} 2. g3 {[%clk 01:31:24]} {[%emt 00:00:04]} d5 {[%clk 01:31:05]}
{[%emt 00:00:10]} 3. Nf3 {[%clk 01:31:49]} {[%emt 00:00:07]} c6 {[%clk
01:31:21]} {[%emt 00:00:13]} 4. Bg2 {[%clk 01:31:56]} {[%emt 00:00:23]} Bg4
{[%clk 01:30:40]} {[%emt 00:01:11]} 5. O-O {[%clk 01:31:22]} {[%emt 00:01:05]}
e6 {[%clk 01:26:45]} {[%emt 00:04:24]} 6. h3 {[%clk 01:25:53]} {[%emt
00:05:59]} Bxf3 {[%clk 01:22:49]} {[%emt 00:04:26]} 7. Bxf3 {[%clk 01:26:05]}
{[%emt 00:00:18]} Bd6 {[%clk 01:21:35]} {[%emt 00:01:43]} 8. c4 {[%clk
01:21:45]} {[%emt 00:04:50]} Nbd7 {[%clk 01:20:06]} {[%emt 00:01:59]} 9. Nc3
{[%clk 01:18:08]} {[%emt 00:04:08]} O-O {[%clk 01:18:13]} {[%emt 00:02:23]} 10.
Qc2 {[%clk 01:09:32]} {[%emt 00:09:06]} Re8 {[%clk 01:10:47]} {[%emt 00:07:56]}
11. e4 {[%clk 00:54:20]} {[%emt 00:15:43]} dxe4 {[%clk 00:59:06]} {[%emt
00:12:10]} 12. Nxe4 {[%clk 00:54:12]} {[%emt 00:00:38]} Nxe4 {[%clk 00:57:41]}
{[%emt 00:01:56]} 13. Bxe4 {[%clk 00:54:39]} {[%emt 00:00:02]} Nf6 {[%clk
00:58:06]} {[%emt 00:00:05]} 14. Bg2 {[%clk 00:51:23]} {[%emt 00:03:44]} h6
{[%clk 00:56:09]} {[%emt 00:02:29]} 15. Be3 {[%clk 00:39:01]} {[%emt 00:12:53]}
Qc7 {[%clk 00:50:27]} {[%emt 00:06:11]} 16. Rad1 {[%clk 00:34:12]} {[%emt
00:05:20]} Rad8 {[%clk 00:49:14]} {[%emt 00:01:44]} 17. Rd2 {[%clk 00:32:25]}
{[%emt 00:02:16]} Rd7 {[%clk 00:47:29]} {[%emt 00:02:15]} 18. Rfd1 {[%clk
00:30:54]} {[%emt 00:02:01]} Red8 {[%clk 00:47:05]} {[%emt 00:00:55]} 19. Qb3
{[%clk 00:23:55]} {[%emt 00:07:28]} Be7 {[%clk 00:42:20]} {[%emt 00:05:14]} 20.
Bf4 {[%clk 00:19:45]} {[%emt 00:04:40]} Bd6 {[%clk 00:42:11]} {[%emt 00:00:40]}
21. Be3 {[%clk 00:18:23]} {[%emt 00:01:52]} Be7 {[%clk 00:42:32]} {[%emt
00:00:09]} 22. Bf4 {[%clk 00:16:26]} {[%emt 00:02:27]} Bd6 {[%clk 00:42:55]}
{[%emt 00:00:06]} 1/2-1/2

[Event "ODJM A 2023"]
[Site "Willingen GER"]
[Date "2023.05.30"]
[Round "4"]
[White "Rohm, Linus"]
[Black "Astner, Sebastian"]
[Result "1-0"]
[Termination "normal"]
[Board "9"]
[WhiteElo "1911"]
[BlackElo "1897"]
[WhiteClock "00:13:50"]
[BlackClock "00:29:33"]
[PlyCount "77"]
[WhiteFideId "16298217"]
[BlackFideId "12979422"]
[EventCountry "GER"]
[EventRounds "9"]
[EventType "swiss"]
[EventDate "2023.05.27"]

1. d4 {[%clk 01:30:50]} {[%emt 00:00:11]} d5 {[%clk 01:30:55]} {[%emt
00:00:06]} 2. c4 {[%clk 01:30:51]} {[%emt 00:00:27]} e6 {[%clk 01:31:21]}
{[%emt 00:00:05]} 3. Nf3 {[%clk 01:30:56]} {[%emt 00:00:24]} c6 {[%clk
01:30:50]} {[%emt 00:01:02]} 4. e3 {[%clk 01:31:08]} {[%emt 00:00:17]} f5
{[%clk 01:30:44]} {[%emt 00:00:35]} 5. Nbd2 {[%clk 01:29:47]} {[%emt 00:01:51]}
Nf6 {[%clk 01:30:58]} {[%emt 00:00:18]} 6. Ne5 {[%clk 01:28:17]} {[%emt
00:01:59]} Be7 {[%clk 01:29:58]} {[%emt 00:01:30]} 7. g3 {[%clk 01:28:22]}
{[%emt 00:00:25]} O-O {[%clk 01:27:43]} {[%emt 00:02:44]} 8. Bg2 {[%clk
01:27:39]} {[%emt 00:01:12]} Bd7 {[%clk 01:26:15]} {[%emt 00:01:59]} 9. O-O
{[%clk 01:27:06]} {[%emt 00:01:03]} Be8 {[%clk 01:26:02]} {[%emt 00:00:43]} 10.
b3 {[%clk 01:25:22]} {[%emt 00:02:14]} Nbd7 {[%clk 01:25:45]} {[%emt 00:00:48]}
11. Nd3 {[%clk 01:25:13]} {[%emt 00:00:38]} Bh5 {[%clk 01:24:09]} {[%emt
00:02:06]} 12. Qc2 {[%clk 01:21:53]} {[%emt 00:03:49]} g5 {[%clk 01:21:51]}
{[%emt 00:02:49]} 13. Bb2 {[%clk 01:12:19]} {[%emt 00:10:03]} Bd6 {[%clk
01:15:24]} {[%emt 00:06:58]} 14. f4 {[%clk 01:00:59]} {[%emt 00:11:49]} Be2
{[%clk 01:12:30]} {[%emt 00:03:26]} 15. Rfe1 {[%clk 00:58:40]} {[%emt
00:02:48]} Bxd3 16. Qxd3 {[%clk 00:59:08]} Ne4 {[%clk 01:13:02]} {[%emt
00:00:16]} 17. Nxe4 {[%clk 00:58:58]} {[%emt 00:00:39]} fxe4 {[%clk 01:13:06]}
{[%emt 00:00:27]} 18. Qe2 {[%clk 00:58:53]} {[%emt 00:00:36]} gxf4 {[%clk
01:12:13]} {[%emt 00:01:23]} 19. gxf4 {[%clk 00:56:19]} {[%emt 00:03:04]} Qh4
{[%clk 01:11:01]} {[%emt 00:01:44]} 20. Qf2 {[%clk 00:55:03]} {[%emt 00:01:44]}
Be7 {[%clk 01:08:55]} {[%emt 00:02:36]} 21. Qxh4 {[%clk 00:52:32]} {[%emt
00:03:00]} Bxh4 {[%clk 01:09:24]} {[%emt 00:00:03]} 22. Re2 {[%clk 00:52:35]}
{[%emt 00:00:26]} Rf6 {[%clk 01:06:56]} {[%emt 00:02:59]} 23. Bh3 {[%clk
00:50:29]} {[%emt 00:02:34]} Nb6 {[%clk 01:03:50]} {[%emt 00:03:37]} 24. Rg2+
{[%clk 00:42:33]} {[%emt 00:08:26]} Kh8 {[%clk 01:01:02]} {[%emt 00:03:18]} 25.
Kh1 {[%clk 00:33:38]} {[%emt 00:09:26]} Rg8 {[%clk 00:59:49]} {[%emt 00:01:44]}
26. Rxg8+ {[%clk 00:27:56]} {[%emt 00:06:10]} Kxg8 {[%clk 01:00:15]} {[%emt
00:00:05]} 27. Rg1+ {[%clk 00:28:14]} {[%emt 00:00:10]} Kh8 {[%clk 00:59:42]}
{[%emt 00:01:04]} 28. Rg2 {[%clk 00:25:39]} {[%emt 00:03:04]} Be1 {[%clk
00:50:52]} {[%emt 00:09:21]} 29. Ba3 {[%clk 00:20:32]} {[%emt 00:05:37]} Rg6
{[%clk 00:39:36]} {[%emt 00:11:46]} 30. Bd6 {[%clk 00:19:43]} {[%emt 00:01:18]}
Kg7 {[%clk 00:36:45]} {[%emt 00:03:22]} 31. Bxe6 {[%clk 00:17:17]} {[%emt
00:02:56]} dxc4 {[%clk 00:33:30]} {[%emt 00:03:46]} 32. bxc4 {[%clk 00:16:01]}
{[%emt 00:01:47]} Kf6 {[%clk 00:33:19]} {[%emt 00:00:41]} 33. f5 {[%clk
00:16:18]} {[%emt 00:00:13]} Rxg2 34. Kxg2 {[%clk 00:16:46]} Na4 {[%clk
00:30:21]} {[%emt 00:02:23]} 35. Be5+ {[%clk 00:15:09]} {[%emt 00:02:04]} Ke7
{[%clk 00:30:42]} {[%emt 00:00:11]} 36. d5 {[%clk 00:13:49]} {[%emt 00:01:50]}
Bh4 {[%clk 00:29:08]} {[%emt 00:02:04]} 37. Kh3 {[%clk 00:13:33]} {[%emt
00:00:43]} Bg5 {[%clk 00:29:16]} {[%emt 00:00:22]} 38. Kg4 {[%clk 00:13:27]}
{[%emt 00:00:37]} h6 {[%clk 00:29:33]} {[%emt 00:00:13]} 39. h4 {[%clk
00:13:50]} {[%emt 00:00:07]} 1-0

[Event "ODJM A 2023"]
[Site "Willingen GER"]
[Date "2023.05.30"]
[Round "4"]
[White "Weidenhöfer, Max"]
[Black "Kieselbach, Marvin"]
[Result "1-0"]
[Termination "normal"]
[Board "10"]
[WhiteElo "2000"]
[BlackElo "1850"]
[WhiteClock "00:12:31"]
[BlackClock "00:12:04"]
[PlyCount "45"]
[WhiteFideId "16230566"]
[BlackFideId "16235770"]
[EventCountry "GER"]
[EventRounds "9"]
[EventType "swiss"]
[EventDate "2023.05.27"]

1. e4 {[%clk 01:30:59]} c5 {[%clk 01:30:47]} {[%emt 00:00:13]} 2. Nf3 {[%clk
01:31:17]} {[%emt 00:00:12]} d6 {[%clk 01:31:11]} {[%emt 00:00:05]} 3. d4
{[%clk 01:31:43]} {[%emt 00:00:03]} cxd4 {[%clk 01:31:35]} {[%emt 00:00:08]} 4.
Nxd4 {[%clk 01:32:11]} {[%emt 00:00:01]} Nf6 {[%clk 01:31:56]} {[%emt
00:00:09]} 5. Nc3 {[%clk 01:32:34]} {[%emt 00:00:09]} Nc6 {[%clk 01:30:39]}
{[%emt 00:01:46]} 6. f3 {[%clk 01:22:21]} {[%emt 00:10:43]} e5 {[%clk
01:27:33]} {[%emt 00:03:36]} 7. Nb3 {[%clk 01:22:07]} {[%emt 00:00:44]} Be6
{[%clk 01:26:34]} {[%emt 00:01:28]} 8. Be3 {[%clk 01:20:47]} {[%emt 00:01:51]}
d5 {[%clk 01:26:05]} {[%emt 00:00:59]} 9. exd5 {[%clk 01:13:37]} {[%emt
00:07:41]} Nxd5 {[%clk 01:26:18]} {[%emt 00:00:16]} 10. Nxd5 {[%clk 01:13:02]}
{[%emt 00:01:06]} Qxd5 {[%clk 01:24:48]} {[%emt 00:02:00]} 11. Qxd5 {[%clk
01:07:05]} {[%emt 00:06:27]} Bxd5 {[%clk 01:25:11]} {[%emt 00:00:07]} 12. O-O-O
{[%clk 01:07:30]} {[%emt 00:00:05]} O-O-O {[%clk 01:24:39]} {[%emt 00:01:02]}
13. Bb5 {[%clk 00:59:02]} {[%emt 00:08:58]} Kc7 {[%clk 01:12:54]} {[%emt
00:12:15]} 14. Kb1 {[%clk 00:43:24]} {[%emt 00:16:09]} Be7 {[%clk 01:02:40]}
{[%emt 00:10:43]} 15. Nc5 {[%clk 00:36:58]} {[%emt 00:06:56]} f6 {[%clk
00:48:17]} {[%emt 00:14:52]} 16. Rd3 {[%clk 00:30:48]} {[%emt 00:06:40]} b6
{[%clk 00:21:40]} {[%emt 00:27:08]} 17. Ne4 {[%clk 00:21:53]} {[%emt 00:09:26]}
Rd7 {[%clk 00:21:27]} {[%emt 00:00:43]} 18. Rhd1 {[%clk 00:19:56]} {[%emt
00:02:29]} Rhd8 {[%clk 00:21:40]} {[%emt 00:00:15]} 19. a3 {[%clk 00:18:35]}
{[%emt 00:01:51]} Kb7 {[%clk 00:19:21]} {[%emt 00:02:48]} 20. Bc4 {[%clk
00:13:01]} {[%emt 00:06:05]} Bxc4 {[%clk 00:11:15]} {[%emt 00:08:36]} 21. Rxd7+
{[%clk 00:13:24]} {[%emt 00:00:07]} Rxd7 {[%clk 00:11:40]} {[%emt 00:00:04]}
22. Rxd7+ {[%clk 00:13:49]} {[%emt 00:00:05]} Kc8 {[%clk 00:12:04]} {[%emt
00:00:07]} 23. Rxe7 {[%clk 00:12:31]} {[%emt 00:01:48]} 1-0

[Event "ODJM A 2023"]
[Site "Willingen GER"]
[Date "2023.05.30"]
[Round "4"]
[White "Gold, Jan Christian"]
[Black "Gluma, Christian"]
[Result "1-0"]
[Termination "normal"]
[Board "11"]
[WhiteElo "1754"]
[BlackElo "2161"]
[WhiteClock "00:11:48"]
[BlackClock "00:12:49"]
[PlyCount "105"]
[WhiteFideId "16298128"]
[BlackFideId "16223209"]
[EventCountry "GER"]
[EventRounds "9"]
[EventType "swiss"]
[EventDate "2023.05.27"]

1. d4 {[%clk 01:30:56]} {[%emt 00:00:04]} d6 {[%clk 01:30:56]} {[%emt
00:00:05]} 2. c4 {[%clk 01:30:54]} {[%emt 00:00:31]} e5 {[%clk 01:31:11]}
{[%emt 00:00:15]} 3. Nf3 {[%clk 01:26:26]} {[%emt 00:04:58]} e4 {[%clk
01:25:24]} {[%emt 00:06:17]} 4. Nfd2 {[%clk 01:22:28]} {[%emt 00:04:29]} f5
{[%clk 01:24:06]} {[%emt 00:01:47]} 5. e3 {[%clk 01:21:41]} {[%emt 00:01:16]}
Nf6 {[%clk 01:23:58]} {[%emt 00:00:38]} 6. Nc3 {[%clk 01:21:44]} {[%emt
00:00:29]} c6 {[%clk 01:21:16]} {[%emt 00:03:11]} 7. f3 {[%clk 01:17:48]}
{[%emt 00:04:26]} d5 {[%clk 01:17:13]} {[%emt 00:04:34]} 8. fxe4 {[%clk
01:15:37]} {[%emt 00:02:40]} fxe4 {[%clk 01:14:50]} {[%emt 00:02:54]} 9. Be2
{[%clk 01:14:28]} {[%emt 00:01:38]} Be6 {[%clk 01:06:32]} {[%emt 00:08:48]} 10.
Qb3 {[%clk 01:08:45]} {[%emt 00:06:14]} Qc8 {[%clk 00:58:49]} {[%emt 00:08:12]}
11. cxd5 {[%clk 00:58:06]} {[%emt 00:11:09]} cxd5 {[%clk 00:58:44]} {[%emt
00:00:35]} 12. Bb5+ {[%clk 00:56:01]} {[%emt 00:02:37]} Kf7 {[%clk 00:42:22]}
{[%emt 00:16:51]} 13. O-O {[%clk 00:48:08]} {[%emt 00:08:24]} Kg8 {[%clk
00:38:05]} {[%emt 00:04:45]} 14. Rxf6 {[%clk 00:36:45]} {[%emt 00:11:53]} gxf6
{[%clk 00:37:59]} {[%emt 00:00:36]} 15. Nxd5 {[%clk 00:36:33]} {[%emt
00:00:42]} f5 {[%clk 00:24:23]} {[%emt 00:14:08]} 16. Bc4 {[%clk 00:17:57]}
{[%emt 00:19:06]} Bf7 {[%clk 00:22:09]} {[%emt 00:02:43]} 17. Nf4 {[%clk
00:11:56]} {[%emt 00:06:30]} Qd7 {[%clk 00:19:09]} {[%emt 00:03:31]} 18. Bxf7+
{[%clk 00:05:55]} {[%emt 00:06:33]} Qxf7 {[%clk 00:19:32]} {[%emt 00:00:07]}
19. Nc4 {[%clk 00:06:17]} {[%emt 00:00:07]} h5 {[%clk 00:13:28]} {[%emt
00:06:34]} 20. d5 {[%clk 00:04:45]} {[%emt 00:02:03]} Bg7 {[%clk 00:08:47]}
{[%emt 00:05:10]} 21. Nd6 {[%clk 00:04:30]} {[%emt 00:00:45]} Qd7 {[%clk
00:08:38]} {[%emt 00:00:38]} 22. Nxf5 {[%clk 00:03:38]} {[%emt 00:01:23]} Na6
{[%clk 00:03:34]} {[%emt 00:05:34]} 23. d6+ {[%clk 00:02:53]} {[%emt 00:01:15]}
Kh7 {[%clk 00:03:37]} {[%emt 00:00:27]} 24. Qd5 {[%clk 00:01:50]} {[%emt
00:01:33]} Rae8 {[%clk 00:02:30]} {[%emt 00:01:37]} 25. Ne7 {[%clk 00:01:59]}
{[%emt 00:00:21]} Rxe7 {[%clk 00:01:22]} {[%emt 00:01:37]} 26. dxe7 {[%clk
00:02:28]} {[%emt 00:00:02]} Qxe7 {[%clk 00:01:38]} {[%emt 00:00:13]} 27. Qxh5+
{[%clk 00:02:20]} {[%emt 00:00:38]} Kg8 {[%clk 00:01:51]} {[%emt 00:00:17]} 28.
Qd5+ {[%clk 00:02:42]} {[%emt 00:00:08]} Qf7 {[%clk 00:02:09]} {[%emt
00:00:13]} 29. Qxf7+ {[%clk 00:01:08]} {[%emt 00:02:02]} Kxf7 {[%clk 00:02:36]}
{[%emt 00:00:04]} 30. Bd2 {[%clk 00:01:24]} {[%emt 00:00:14]} Rd8 {[%clk
00:02:24]} {[%emt 00:00:43]} 31. Bc3 {[%clk 00:01:13]} {[%emt 00:00:41]} Bh6
{[%clk 00:02:10]} {[%emt 00:00:45]} 32. Kf2 {[%clk 00:01:23]} {[%emt 00:00:18]}
Nc5 {[%clk 00:02:28]} {[%emt 00:00:14]} 33. Ke2 {[%clk 00:01:24]} {[%emt
00:00:28]} Na4 {[%clk 00:02:05]} {[%emt 00:00:54]} 34. Rc1 {[%clk 00:00:48]}
{[%emt 00:01:06]} Rd7 {[%clk 00:02:13]} {[%emt 00:00:23]} 35. Be5 {[%clk
00:00:41]} {[%emt 00:00:36]} Bf8 {[%clk 00:02:14]} {[%emt 00:00:28]} 36. b3
{[%clk 00:00:50]} {[%emt 00:00:21]} Nc5 {[%clk 00:02:40]} {[%emt 00:00:05]} 37.
g3 {[%clk 00:00:42]} {[%emt 00:00:39]} a5 {[%clk 00:03:02]} {[%emt 00:00:07]}
38. Bd4 {[%clk 00:00:53]} {[%emt 00:00:19]} b6 {[%clk 00:03:20]} {[%emt
00:00:14]} 39. Rc4 {[%clk 00:00:59]} {[%emt 00:00:24]} b5 {[%clk 00:03:12]}
{[%emt 00:00:38]} 40. Rc2 {[%clk 00:00:46]} {[%emt 00:00:42]} Na6 {[%clk
00:03:30]} {[%emt 00:00:11]} 41. Rc6 {[%clk 00:29:42]} {[%emt 00:01:35]} Nb4
{[%clk 00:33:47]} {[%emt 00:00:13]} 42. Rf6+ {[%clk 00:29:43]} {[%emt
00:00:29]} Kg8 {[%clk 00:33:59]} {[%emt 00:00:17]} 43. Ne6 {[%clk 00:28:02]}
{[%emt 00:02:13]} Be7 {[%clk 00:34:06]} {[%emt 00:00:23]} 44. Rg6+ {[%clk
00:27:27]} {[%emt 00:01:05]} Kf7 {[%clk 00:34:07]} {[%emt 00:00:29]} 45. Nf4
{[%clk 00:24:15]} {[%emt 00:03:43]} Nxa2 {[%clk 00:31:52]} {[%emt 00:02:44]}
46. Bb2 {[%clk 00:21:35]} {[%emt 00:03:10]} Rc7 {[%clk 00:21:21]} {[%emt
00:11:00]} 47. Rg7+ {[%clk 00:18:28]} {[%emt 00:03:38]} Ke8 {[%clk 00:21:45]}
{[%emt 00:00:05]} 48. Kd1 {[%clk 00:16:02]} {[%emt 00:02:55]} a4 {[%clk
00:12:58]} {[%emt 00:09:17]} 49. bxa4 {[%clk 00:13:30]} {[%emt 00:03:05]} bxa4
{[%clk 00:13:11]} {[%emt 00:00:17]} 50. Nd5 {[%clk 00:10:46]} {[%emt 00:03:12]}
Rd7 {[%clk 00:11:56]} {[%emt 00:01:45]} 51. Rxe7+ {[%clk 00:11:07]} {[%emt
00:00:10]} Rxe7 {[%clk 00:12:23]} {[%emt 00:00:02]} 52. Nxe7 {[%clk 00:11:29]}
{[%emt 00:00:08]} Kxe7 {[%clk 00:12:49]} {[%emt 00:00:05]} 53. Ba3+ {[%clk
00:11:48]} {[%emt 00:00:10]} 1-0

[Event "ODJM A 2023"]
[Site "Willingen GER"]
[Date "2023.05.30"]
[Round "4"]
[White "Köhler, Lukas"]
[Black "Nguyen, Phuc Nhat"]
[Result "1/2-1/2"]
[Termination "normal"]
[Board "12"]
[WhiteElo "2078"]
[BlackElo "1929"]
[WhiteClock "00:04:52"]
[BlackClock "00:06:43"]
[PlyCount "63"]
[WhiteFideId "16221990"]
[BlackFideId "16253590"]
[EventCountry "GER"]
[EventRounds "9"]
[EventType "swiss"]
[EventDate "2023.05.27"]

1. d4 {[%clk 01:30:57]} {[%emt 00:00:03]} d5 {[%clk 01:30:55]} {[%emt
00:00:05]} 2. Nc3 {[%clk 01:31:19]} {[%emt 00:00:08]} Nf6 {[%clk 01:30:26]}
{[%emt 00:00:59]} 3. Bf4 {[%clk 01:31:42]} {[%emt 00:00:07]} c6 {[%clk
01:30:35]} {[%emt 00:00:20]} 4. e3 {[%clk 01:31:34]} {[%emt 00:00:39]} Bf5
{[%clk 01:19:07]} {[%emt 00:11:57]} 5. f3 {[%clk 01:31:20]} {[%emt 00:00:44]}
h6 {[%clk 01:19:30]} {[%emt 00:00:07]} 6. g4 {[%clk 01:30:04]} {[%emt
00:01:46]} Bg6 {[%clk 01:16:32]} {[%emt 00:03:28]} 7. Bd3 {[%clk 01:29:32]}
{[%emt 00:01:04]} Bxd3 {[%clk 01:16:30]} {[%emt 00:00:31]} 8. Qxd3 {[%clk
01:29:56]} {[%emt 00:00:05]} e6 {[%clk 01:16:48]} {[%emt 00:00:13]} 9. h4
{[%clk 01:29:07]} {[%emt 00:01:18]} b5 {[%clk 01:14:58]} {[%emt 00:02:21]} 10.
O-O-O {[%clk 01:26:36]} {[%emt 00:03:00]} b4 {[%clk 00:50:58]} {[%emt
00:24:30]} 11. Nce2 {[%clk 01:22:05]} {[%emt 00:05:01]} Qa5 {[%clk 00:44:39]}
{[%emt 00:06:49]} 12. Kb1 {[%clk 01:21:17]} {[%emt 00:01:18]} Na6 {[%clk
00:44:55]} {[%emt 00:00:13]} 13. Nc1 {[%clk 01:16:01]} {[%emt 00:05:47]} O-O-O
{[%clk 00:40:28]} {[%emt 00:04:56]} 14. Nge2 {[%clk 01:13:55]} {[%emt
00:02:36]} c5 {[%clk 00:23:08]} {[%emt 00:17:49]} 15. Nb3 {[%clk 01:08:16]}
{[%emt 00:06:09]} Qb6 {[%clk 00:23:32]} {[%emt 00:00:07]} 16. dxc5 {[%clk
01:07:08]} {[%emt 00:01:39]} Nxc5 {[%clk 00:23:53]} {[%emt 00:00:09]} 17. Nxc5
{[%clk 01:06:43]} {[%emt 00:00:55]} Bxc5 {[%clk 00:24:16]} {[%emt 00:00:06]}
18. c3 {[%clk 00:51:46]} {[%emt 00:15:27]} Kb7 {[%clk 00:21:30]} {[%emt
00:03:16]} 19. cxb4 {[%clk 00:50:29]} {[%emt 00:01:47]} Bxb4 {[%clk 00:20:38]}
{[%emt 00:01:22]} 20. Be5 {[%clk 00:49:34]} {[%emt 00:01:23]} Rc8 {[%clk
00:16:38]} {[%emt 00:04:30]} 21. Bxf6 {[%clk 00:43:19]} {[%emt 00:06:45]} gxf6
{[%clk 00:17:01]} {[%emt 00:00:07]} 22. e4 {[%clk 00:42:54]} {[%emt 00:00:56]}
Rhd8 {[%clk 00:17:04]} {[%emt 00:00:28]} 23. a3 {[%clk 00:31:15]} {[%emt
00:12:09]} Bc5 {[%clk 00:14:40]} {[%emt 00:02:53]} 24. Nc3 {[%clk 00:29:58]}
{[%emt 00:01:47]} dxe4 {[%clk 00:08:53]} {[%emt 00:06:18]} 25. Qxe4+ {[%clk
00:30:01]} {[%emt 00:00:27]} Qc6 {[%clk 00:09:17]} {[%emt 00:00:08]} 26. Rxd8
{[%clk 00:18:57]} {[%emt 00:11:32]} Rxd8 {[%clk 00:08:26]} {[%emt 00:01:21]}
27. Kc2 {[%clk 00:15:35]} {[%emt 00:03:51]} Rd4 {[%clk 00:07:46]} {[%emt
00:01:10]} 28. Qh7 {[%clk 00:07:25]} {[%emt 00:08:41]} Qxf3 {[%clk 00:05:23]}
{[%emt 00:02:54]} 29. Qxf7+ {[%clk 00:07:48]} {[%emt 00:00:05]} Kb8 {[%clk
00:05:48]} {[%emt 00:00:05]} 30. Qe8+ {[%clk 00:06:48]} {[%emt 00:01:31]} Kb7
{[%clk 00:06:16]} {[%emt 00:00:02]} 31. Qf7+ {[%clk 00:06:19]} {[%emt
00:00:58]} Kb8 {[%clk 00:06:43]} {[%emt 00:00:03]} 32. Qe8+ {[%clk 00:04:52]}
{[%emt 00:01:56]} 1/2-1/2